Derecho civil de las obligaciones Tratado sobre la Teora̕ del Enriquecimiento Injustificado o sin Causa en el Derecho Civil de las Obligaciones: Historia, Legislacin̤, Doctrina, Jurisprudencia y Derecho Comparado /

Detalles Bibliográficos
Autor principal: Aguiar Lozano, Hugo Fernando
Formato: eBook
Lenguaje:español
Publicado: Barcelona : Editorial vLex, 2012
Materias:
Acceso en línea:Acceso restringido

MARC

LEADER 00000nam a22000007a 4500
005 20120706143731.0
007 cr|||| ||||
008 120706s2012 sp |||||s|||| 00||0 spa d
035 |a 6554 
040 |a vLex 
090 |c 3275  |d 3275 
100 1 |a Aguiar Lozano, Hugo Fernando 
245 1 0 |a Derecho civil de las obligaciones  |h [Recurso electrn̤ico] :  |b Tratado sobre la Teora̕ del Enriquecimiento Injustificado o sin Causa en el Derecho Civil de las Obligaciones: Historia, Legislacin̤, Doctrina, Jurisprudencia y Derecho Comparado /  |c Hugo Fernando Aguiar Lozano 
256 |a Servicio en ln̕ea 
260 |a Barcelona :  |b Editorial vLex,   |c 2012 
300 |a 1 recurso electrn̤ico 
506 1 |a Contenido solo disponible en los productos indicados  |d vLex Global   |d vLex Global (Academic Edition, excluding Law Schools)   |d vLex Global (U.S. Academic Edition, Law Schools)   |d vLex Global (U.S. Academic Edition, excluding Law Schools)   |d vLex Global (Academic Edition, Law Schools)  
650 0 4 |a Derecho civil  |z Cuba 
740 0 |a vLex Libros (Servicio en ln̕ea) 
856 4 0 |u http://vlex.com/source/derecho-civil-obligaciones-6554  |z Acceso restringido 
942 |c BOOK 
999 0 |a Civil law